Quiz sulla Serie A - N°7 - Statistics

Statistiche generali
  • Questo quiz è stato fatto 40 volte
  • Il punteggio medio è 7 su 15
Statistiche sulle risposte
Domanda Risposta % Corretto
A quanti campionati di Serie A ha partecipato il Benevento? 2
90%
Da quale stagione il Napoli è ininterrottamente in Serie A? 2007-2008
70%
Quanti scudetti ha vinto Antonio Conte in Serie A? 4 (Juventus 3; Inter 1)
70%
Chi è il calciatore esordiente in Serie A più giovane della storia del Brescia? Andrea Pirlo (16 anni e 2 giorni)
70%
Quale calciatore francese detiene il record di espulsioni in Serie A? Philippe Mexès (10)
70%
Quante squadre ha allenato Simone Inzaghi in Serie A? 2 (Lazio ; Inter)
50%
Quale arbitro ancora in attività (stagione 2022-2023) detiene il record per il maggior numero di partite dirette? Daniele Orsato (268 partite)
50%
Chi è il più giovane marcatore della storia del Bologna in serie A? Roberto Mancini (16 anni e 311 giorni)
50%
Quale tra le seguenti squadre ha esordito in Serie A per ultima? Crotone
40%
Chi è il calciatore più vecchio a realizzare una quaterna in Serie A? Marco Parolo (32 anni e 11 giorni)
40%
Quale calciatore ha realizzato il maggior numero di calci di punizione diretti in Serie A? Siniša Mihajlović (28)
40%
Al termine di quale stagione il Milan è retrocesso dalla serie A per l'ultima volta? 1981-1982
30%
Quali tra i seguenti calciatori ha segnato più reti in Serie A? Antonio Di Natale (209)
30%
In quale stagione il Torino ha vinto il più recente dei suoi 7 scudetti? 1975-1976
20%
Per quanti minuti Dino Zoff ha mantenuto la porta inviolata durante la stagione 1972-1973? 903 minuti
20%
Nessun quiz corrispondente trovato
Distribuzione punteggi
Percentuale di utenti per punteggio
Percentile per numero di risposta
I tuoi punteggi nel tempo
Non hai fatto questo quiz